00490 a2200169 450000100060000002000150000604000370002110000200005824000380007824500330011630000090014936200090015865000240016794200070019195201050019899900170030371902 a8573117133 cAnchieta - Colégio São Paulo aFinger, Marcelo10aO rapto das flores cantanteslpor10aO rapto das flores cantantes a[22]0 a1997 4aLiteratura infantil cBK 00104070a88.1b88.1d2023-11-22l0oLI 028.5 P214rp1197/CSPr2023-11-22 14:28:11w2023-11-22yBK c71902d71902